000 01031cab a2200265 4500
001 ABS48078
008 090401t1993 xxu||||| |||| 00| 0 eng d
035 _a(Sirsi) u64840
041 _aeng
245 _aOakley v Martin
260 _c1993
350 _a0
490 _aEstates Gazette
_v(1993) 06 EG 113-115(3)
520 _aLVT 9 January 1992. It was held that there was no legal basis for the applicant O, receiver of the landlord`s interest in four flats, to make deductions in his own favour during conveyance when the breaches of covenant took place before the sale. The receiver could make no claim against a subsequent purchaser of the freehold reversion.
650 _aDUNCLIFFE V CAERFIN LTD
650 _aLANDLORD AND TENANT ACT 1987 S31
650 _aLANDLORDS INTEREST
650 _aLAW OF PROPERTY ACT 1925 S142
650 _aRECEIVERS
650 _aRECEIVERSHIP
650 _aValuation
_96273
690 _aLANDLORD AND TENANT-CASE LAW-RESIDENTIAL TENANCIES
942 _n0
948 _c04/03/1997
999 _c40393
_d40393